Sports Quiz

Random Sports or MLB Quiz
Score 0/100 Timer 07:00
3 Plays Today
HRs Player % Correct
53Chris Davis
95.2%
33Chris Davis
95.2%
26Chris Davis
95.2%
47Chris Davis
95.2%
38Chris Davis
95.2%
26Chris Davis
95.2%
34Cal Ripken Jr.
94.7%
28Cal Ripken Jr.
94.7%
27Cal Ripken Jr.
94.7%
27Cal Ripken Jr.
94.7%
26Cal Ripken Jr.
94.7%
25Cal Ripken Jr.
94.7%
27Cal Ripken Jr.
94.7%
26Cal Ripken Jr.
94.7%
28Eric Davis
94%
49Frank Robinson
92.3%
30Frank Robinson
92.3%
32Frank Robinson
92.3%
25Frank Robinson
92.3%
28Frank Robinson
92.3%
28Brooks Robinson
92.2%
50Brady Anderson
88.1%
27Eddie Murray
83.5%
27Eddie Murray
83.5%
25Eddie Murray
83.5%
32Eddie Murray
83.5%
32Eddie Murray
83.5%
33Eddie Murray
83.5%
29Eddie Murray
83.5%
31Eddie Murray
83.5%
30Eddie Murray
83.5%
28Eddie Murray
83.5%
25Adam Jones
80.8%
32Adam Jones
80.8%
HRs Player % Correct
33Adam Jones
80.8%
29Adam Jones
80.8%
27Adam Jones
80.8%
29Adam Jones
80.8%
26Adam Jones
80.8%
25Boog Powell
73.4%
39Boog Powell
73.4%
34Boog Powell
73.4%
37Boog Powell
73.4%
35Boog Powell
73.4%
39Rafael Palmeiro
70.9%
39Rafael Palmeiro
70.9%
38Rafael Palmeiro
70.9%
43Rafael Palmeiro
70.9%
35Manny Machado
69.5%
37Manny Machado
69.5%
33Manny Machado
69.5%
47Mark Trumbo
69.5%
34Miguel Tejada
60.5%
26Miguel Tejada
60.5%
40Nelson Cruz
57%
27Reggie Jackson
50.9%
37Albert Belle
46.2%
35Ken Singleton
46.1%
39Ken Williams
44.7%
29Ken Williams
44.7%
25Ken Williams
44.7%
30J.J. Hardy
44.3%
25J.J. Hardy
44.3%
27Melvin Mora
42.5%
27Melvin Mora
42.5%
46Jim Gentile
40.8%
33Jim Gentile
40.8%
32Jonathan Schoop
38%
HRs Player % Correct
25Jonathan Schoop
38%
35Trey Mancini
36%
29Chris Hoiles
35.8%
25Chris Hoiles
35.8%
26Paul Blair
28.6%
37Mark Reynolds
28.6%
28B.J. Surhoff
28.2%
28Doug DeCinces
28%
26Mickey Tettleton
27.6%
25Don Baylor
25.1%
25Lee May
23.7%
27Lee May
23.7%
25Lee May
23.7%
28Bobby Bonilla
20.8%
32Aubrey Huff
20.4%
28Mike Young
19.9%
28Jay Gibbons
19.1%
26Jay Gibbons
19.1%
31Renato Nunez
19%
31Larry Sheets
18.8%
25Luke Scott
18.2%
27Luke Scott
18.2%
31Tony Batista
17.2%
26Tony Batista
17.2%
25Gary Roenicke
16.8%
30Gus Triandos
16.7%
25Gus Triandos
16.7%
29Harlond Clift
12.2%
34Harlond Clift
12.2%
30Goose Goslin
11.5%
27Chet Laabs
5.2%
27Jeff Heath
5%
Remove Ads.
Support Sporcle.
Get the best of Sporcle when you Go Orange. This ad-free experience offers more features, more stats, and more fun while also helping to support Sporcle. Thank you for becoming a member.

You're not logged in!

Compare scores with friends on all Sporcle quizzes.
OR
Log In

Show Comments

Extras

Top Quizzes Today


Score Distribution

Your Account Isn't Verified!

In order to create a playlist on Sporcle, you need to verify the email address you used during registration. Go to your Sporcle Settings to finish the process.

Report this User

Report this user for behavior that violates our Community Guidelines.

Details: